|
|
|
|
| LEADER |
00730cam a2200253 7i4500 |
| 001 |
0000036800 |
| 005 |
20220413090000.0 |
| 007 |
ta |
| 008 |
220303t2010 eng |
| 020 |
|
|
|a 9780316098328
|
| 040 |
|
|
|a MATR
|
| 090 |
0 |
0 |
|a FI 823.914
|b DON
|
| 100 |
1 |
|
|e Donoghue, Emma
|e author
|
| 245 |
1 |
0 |
|a ROOM :
|b A NOVEL
|c Emma Donoghue.
|
| 264 |
|
0 |
|a New York:
|b Back Bay Books,
|c 2011.
|
| 300 |
|
|
|a 321 pages;
|c cm.
|
| 336 |
|
|
|a text
|2 rdacontent
|
| 337 |
|
|
|a unmediated
|2 rdamedia
|
| 338 |
|
|
|a volume
|2 rdacarrier
|
| 500 |
|
|
|a Screen adaption
|
| 650 |
|
0 |
|a English fiction
|
| 650 |
|
0 |
|a Boys --
|x Fiction
|
| 650 |
|
0 |
|a Mother and child --
|x Fiction
|
| 999 |
|
|
|a B000041709
|b Book
|c Book
|e Business Information Centre
|